[Event "CRO-chT2 West"]
[Site "Rijeka"]
[Date "2020.10.11"]
[Round "5.5"]
[White "Milevoj, Cedomir"]
[Black "Pavic, Ivica"]
[Result "1-0"]
[WhiteElo "1925"]
[BlackElo "1770"]
[PlyCount "61"]
[EventDate "2020.09.12"]
[EventType "team-tourn"]
[EventRounds "9"]
[EventCountry "CRO"]
[SourceTitle "EXT 2022"]
[Source "ChessBase"]
[SourceDate "2021.10.06"]
[SourceVersion "1"]
[SourceVersionDate "2021.10.06"]
[SourceQuality "1"]
[WhiteTeam "Buje"]
[BlackTeam "Rovinj Batana"]
[WhiteTeamCountry "CRO"]
[BlackTeamCountry "CRO"]

1. d4 Nf6 2. c4 e6 3. Nc3 b6 4. Nf3 Ba6 5. e3 Be7 6. Bd3 0-0 7. 0-0 d6 8. Qe2 Bb7 9. Rd1 Qc8 10. e4 Nbd7 11. Bg5 h6 12. Bh4 Bd8 13. Rac1 Nh7 14. Bg3 Ng5 15. Nxg5 Bxg5 16. f4 Be7 17. e5 dxe5 18. fxe5 Bb4 19. Ne4 Be7 20. Bb1 f5 21. exf6 Nxf6 22. Nxf6+ Bxf6 23. d5 exd5 24. cxd5 Ba6 25. Qe4 Rf7 26. d6 g5 27. Rxc7 Rxc7 28. dxc7 Qe8 29. Qh7+ Kf8 30. Bd6+ Be7 31. Qxh6+ 1-0

[Event "CRO-chT2 West"]
[Site "Rijeka"]
[Date "2020.10.10"]
[Round "4.5"]
[White "Pavic, Ivica"]
[Black "Puric, Bojan"]
[Result "0-1"]
[WhiteElo "1770"]
[BlackElo "1678"]
[PlyCount "88"]
[EventDate "2020.09.12"]
[EventType "team-tourn"]
[EventRounds "9"]
[EventCountry "CRO"]
[SourceTitle "EXT 2022"]
[Source "ChessBase"]
[SourceDate "2021.10.06"]
[SourceVersion "1"]
[SourceVersionDate "2021.10.06"]
[SourceQuality "1"]
[WhiteTeam "Rovinj Batana"]
[BlackTeam "Mali Losinj"]
[WhiteTeamCountry "CRO"]
[BlackTeamCountry "CRO"]

1. d4 d5 2. Bf4 Nf6 3. e3 Bf5 4. Nf3 e6 5. h3 a6 6. Nbd2 c5 7. c3 Nc6 8. Ne5 cxd4 9. exd4 Nxe5 10. Bxe5 Bd6 11. Nf3 0-0 12. Be2 Bxe5 13. Nxe5 Nd7 14. Nxd7 Qxd7 15. 0-0 Qe7 16. Re1 Qg5 17. Bg4 Be4 18. Bf3 f5 19. Qe2 Rf6 20. Qe3 f4 21. Qe2 Bf5 22. Kh2 Qh4 23. Rg1 Rh6 24. Qf1 Rf8 25. Rh1 Rff6 26. Kg1 Rfg6 27. Qe2 Qd8 28. Kf1 Rf6 29. Bg4 Qd6 30. Re1 Rhg6 31. Bf3 Rf8 32. Qe5 Qd7 33. Bh5 Rg5 34. Bf3 Bd3+ 35. Qe2 Bxe2+ 36. Bxe2 Rg6 37. Bg4 Rgf6 38. Bf3 Qb5+ 39. Re2 Re8 40. Kg1 h6 41. Kh2 Qa5 42. a3 Qc7 43. Rhe1 Kf8 44. Bxd5 f3+ 0-1